| 000 | 00550cam a2200229 4500 | ||
|---|---|---|---|
| 001 | 3141289 | ||
| 005 | 20180814073943.0 | ||
| 008 | 731119s1973 nyu 000 0 eng | ||
| 010 | _a 73009066 | ||
| 020 | _a0670666874 | ||
| 040 |
_aDLC _cDLC _dDLC |
||
| 041 | 1 | _aeng | |
| 043 | _ae-fr--- | ||
| 080 | _a309.144 CRO | ||
| 082 | 0 | 0 | _a309.144 CRO |
| 100 | 1 | _a50 | |
| 101 | _aSOC | ||
| 240 | 1 | 0 |
_aSociété bloquée. _lEnglish |
| 245 | 1 | 4 | _aThe stalled society. |
| 906 |
_a7 _bcbc _corignew _d2 _eocip _f19 _gy-gencatlg |
||
| 942 |
_2ddc _cBK |
||
| 999 |
_c47145 _d47145 |
||